Loading...
| Fine Arts - Classical Music | 0 | 3 | 0 | 0 | 30 | 23 | 53.33 | 2 | 3 | 0.00 | 0.00 |
| History - World | 0 | 3 | 0 | 0 | 30 | 54 | 56.67 | 1 | 2 | 0.00 | 0.00 |
| Literature - British | 0 | 3 | 0 | 0 | 30 | 63 | 78.33 | 1 | 3 | 0.00 | 0.00 |
| Literature - American | 0 | 2 | 0 | 0 | 20 | 75 | 82.00 | 0 | 2 | 0.00 | 0.00 |
| History - European | 0 | 2 | 0 | 0 | 20 | 94 | 95.00 | 1 | 1 | 0.00 | 0.00 |
| Science - Other | 0 | 2 | 0 | 0 | 20 | 46 | 55.50 | 1 | 2 | 0.00 | 0.00 |
| Fine Arts - Visual | 0 | 2 | 0 | 1 | 20 | 98 | 106.00 | 0 | 0 | 0.00 | 0.00 |
| Literature - World/Other | 0 | 2 | 0 | 0 | 20 | 80 | 86.00 | 1 | 1 | 0.00 | 0.00 |
| Philosophy | 0 | 1 | 0 | 0 | 10 | 63 | 63.00 | 1 | 1 | 0.00 | 0.00 |
| Social Science | 0 | 1 | 0 | 0 | 10 | 49 | 49.00 | 0 | 1 | 0.00 | 0.00 |
| History - American | 0 | 1 | 1 | 0 | 5 | 63 | 63.00 | 1 | 1 | 0.00 | 0.00 |
| Geography/Current Events | 0 | 1 | 1 | 0 | 5 | 75 | 75.00 | 0 | 1 | 0.00 | 0.00 |
| Literature - European | 0 | 0 | 1 | 0 | -5 | 0.00 | 0 | 0 | 0.00 | 0.00 | |
| Science - Biology | 0 | 0 | 1 | 0 | -5 | 0.00 | 0 | 0 | 0.00 | 0.00 |